000 00739nam a2200217Ia 4500
005 20251020182606.0
008 200515s9999 xx 000 0 und d
082 _aSC/377.4(026)/U34
110 _aPnud
245 0 _aGuía para la preparación de programas de aplicación (G.P.P.C.)
260 _aGinebra
260 _c1979
300 _as.n.
520 _aEl manual denominado Guía de Preparación de programas de Capacitación de la UIT (GPPC), ha sido elaborado en el marco del proyecto interregional PNUD/UIT*CODEVTEL (preparación de cursos en materia de telecomunicaciones)
650 _aCAPACITACION
650 _aEMPLEO
650 _aFORMACION PROFESIONAL
650 _aPOBLACION
650 _aPUB PNUD
942 _cLIB
999 _c3189
_d3189